wszystkie powiaty z większością Ukraińską w II RP - Statystyki

Ogólne statystyki
  • Ten quiz został rozwiązany 56 razy
  • Średni wynik to 15 z 39
Statystyki odpowiedzi
% Ukraińców Województwo Powiat % Poprawnych
59,2% Wołyńskie łucki
86%
60,6% Stanisławowskie Stanisławowski
81%
72,6% Wołyńskie kowelski
71%
65,8% Wołyńskie rówieński
67%
62,8% Stanisławowskie Kołomyjski
57%
69,57% Stanisławowskie Stryjski
57%
71,5% Wołyńskie sarneński
55%
58,7% Lwowskie Żółkiewski
50%
80,7% Wołyńskie krzemieniecki
48%
58,6% Wołyńskie włodzimierski
48%
50,98% Lwowskie Samborski
43%
70,31% Lwowskie Turczański
43%
62,23% Lwowskie Bóbrecki
40%
55,81% Lwowskie Dobromilski
40%
56,24% Lwowskie Gródecki
40%
75,80% Stanisławowskie Kałuski
40%
67,28% Lwowskie Rawski
40%
64,36% Lwowskie Jaworowski
38%
84,98% Stanisławowskie Kosowski
38%
63,05% Lwowskie Leski
38%
54,98% Lwowskie Sokalski
36%
50,58% Tarnopolskie Buczacki
31%
57,45% Stanisławowskie Tłumacki
31%
57,13% Tarnopolskie Zaleszczycki
31%
50,94% Tarnopolskie Borszczowski
29%
55,33% Tarnopolskie Brodzki
29%
72,89% Stanisławowskie Żydaczowski
29%
70,86% Stanisławowskie Doliński
26%
69,8% Wołyńskie dubieński
26%
77,1% Wołyńskie lubomelski
26%
71,78% Stanisławowskie Śniatyński
26%
69,0% Wołyńskie zdołbunowski
26%
66,0% Wołyńskie kostopolski
21%
66,99% Stanisławowskie Rohatyński
21%
69,0% Wołyńskie horochowski
19%
79,69% Stanisławowskie Nadwórniański
17%
57,67% Tarnopolskie Radziechowski
17%
64,54% Stanisławowskie Horodeński
14%
51,0% Tarnopolskie Kopyczyniecki
10%
Nie znaleziono quizów pasujących do podanych kryteriów
Rozkład punktacji
Procent ludzi z każdym wynikiem
Percentyl według liczby udzielonych odpowiedzi
Twoja historia wyników
Nie rozwiązałeś tego quizu